000
00331 a2200109 4500
001
ART_17843
005
20260410161701.0
008
260409a
245
1
0
_a
Estimación del valor actual de los valores nacionales
100
1
_a
Dueñas, Daniel E.
773
0
_t
Ensayos Económicos
_g
- Nº 15 (sep. 1980)
_w
REV620
999
_c
15146
_d
15146